Science Quiz

Random Science or Elements Quiz

Elements Containing Greek Letters Quiz Stats

 Plays Quiz Updated May 15, 2019

Score 0/7 Timer 03:00
0 Plays Today
Greek letter Element % Correct
Ρ ρ (Rho)Rhodium
90.6%
Ν ν (Nu)Aluminum
35.4%
Ν ν (Nu)Platinum
31%
Μ μ (Mu)Bismuth
29%
Ν ν (Nu)Molybdenum
28.3%
Ν ν (Nu)Lanthanum
28.2%
Π π (Pi)Europium
26.6%

You're not logged in!

Compare scores with friends on all Sporcle quizzes.
OR
Log In

Sporcle TV

Today on Sporcle TV


Watch our educational content, quiz creation guides, and fun videos on Sporcle TV.

Show Comments

Extras

Top Quizzes Today


Score Distribution

Your Account Isn't Verified!

In order to create a playlist on Sporcle, you need to verify the email address you used during registration. Go to your Sporcle Settings to finish the process.

Report this User

Report this user for behavior that violates our Community Guidelines.

Details: